| 000 | 02051nam0a2200409 4500 | ||
|---|---|---|---|
| 001 | RU\NLR\bibl\1925640 | ||
| 005 | 20260406080534.0 | ||
| 021 |
_aRU _b2012-46133 _93389 |
||
| 035 | _a(nilc)RSL-KNO-005457988 | ||
| 035 | _a(NLR Aleph) 001915051 | ||
| 090 |
_a3228674 _c3228674 |
||
| 100 | _a20120703d2012 |||y0rusy50 ca | ||
| 101 | 0 |
_arus _deng |
|
| 102 | _aRU | ||
| 105 | _aa ||||||||| | ||
| 200 | 1 |
_aБиомехатроника лечебно-исследовательского тренажера-кровати _fА.К. Платонов, В.Е. Павловский, Н.С. Сербенюк [и др.] |
|
| 210 |
_aМосква _cИПМ РАН _d2012 |
||
| 215 |
_a32 с. _cил., цв. ил. _d21 |
||
| 225 | 1 |
_aПрепринт _fИн-т прикл. математики им. М.В. Келдыша Рос. акад. наук _x2071-2898 _vN° 16 за 2012 г. |
|
| 300 | _aРез. на англ. яз. | ||
| 320 | _aБиблиогр.: с. 32 (20 назв.) | ||
| 606 | 1 |
_aНижние конечности _xПараплегии при травмах спинного мозга _xРеабилитация больных _xПрименение биомехатронных тренажеров _92262570 _3RU\NLR\AUTH\6601586235 |
|
| 610 | 0 | _aтренажеры-кровати для спинальных больных | |
| 686 |
_aР638.75-541с05,0 _2rubbk |
||
| 686 |
_aР458.195.5-541с05,0 _2rubbk |
||
| 686 | _aР638.75-541с51 | ||
| 701 | 1 |
_4070 _8rus _7ca _aПлатонов _bА. К. _cд-р физ.-мат. наук _f1931-2017 _gАлександр Константинович _3RU\NLR\AUTH\7742572 _925515 |
|
| 701 | 1 |
_4070 _8rus _7ca _aПавловский _bВ. Е. _gВладимир Евгеньевич _3RU\NLR\auth\7747977 _930912 |
|
| 701 | 1 |
_aСербенюк _bН. С. _gНиколай Сергеевич _4070 |
|
| 801 | 0 |
_aRU _bRuMoRKP _c20120703 _grcr |
|
| 801 | 1 |
_aRU _bРГБ _c20120703 |
|
| 801 | 2 |
_aRU _bNLR _c20120717 _grcr |
|
| 830 | _aАвт. по кн. | ||
| 942 | _cBOOK | ||
| 980 | _aNBR | ||
| 980 | _aNB | ||